संस्कृति के पड़ाव / (Record no. 16051)

MARC details
000 -LEADER
fixed length control field 01268nam a22002537a 4500
005 - DATE AND TIME OF LATEST TRANSACTION
control field 20080930143327.0
008 - FIXED-LENGTH DATA ELEMENTS--GENERAL INFORMATION
fixed length control field 080930t xxu||||| |||| 00| 0 hin d
010 ## - LCCN (DPL NO)
LC control number HIN-84228
020 ## - INTERNATIONAL STANDARD BOOK NUMBER
Terms of availability 65.00
International Standard Book Number 8123013213
035 ## - SYSTEM CONTROL NUMBER
System control number HN-56574
037 ## - SOURCE OF ACQUISITION
Source of stock number/acquisition DBAD / PUB
040 ## - CATALOGING SOURCE
Original cataloging agency DPL
Language of cataloging HN
082 ## - DEWEY DECIMAL CLASSIFICATION NUMBER
Classification number 808.883
100 ## - MAIN ENTRY--PERSONAL NAME
Personal name भट्ट, कमलेश कमल
245 ## - TITLE STATEMENT
Title संस्कृति के पड़ाव /
Statement of responsibility, etc कमलेश भट्ट कमल; अंजनी भूषण द्वारा संपादित
260 ## - PUBLICATION, DISTRIBUTION, ETC. (IMPRINT)
Place of publication, distribution, etc नई दिल्ली
Name of publisher, distributor, etc प्रकाशन विभाग
Date of publication, distribution, etc 2006
270 ## - ADDRESS
Address प्रकाशन विभाग, सूचना और प्रसारण मंत्रालय, भारत सरकार, सूचना भवन
City नई दिल्ली
Postal code 110003
300 ## - PHYSICAL DESCRIPTION
Extent 98पृ
Dimensions 22सेमी (अजिल्द)
650 ## - SUBJECT ADDED ENTRY--TOPICAL TERM
Topical term or geographic name as entry element Memory
650 ## - SUBJECT ADDED ENTRY--TOPICAL TERM
Topical term or geographic name as entry element स्मृति
700 ## - ADDED ENTRY--PERSONAL NAME
Personal name अंजनी भूषण
942 ## - ADDED ENTRY ELEMENTS (KOHA)
Source of classification or shelving scheme Dewey Decimal Classification
Item type Hindi Books
Call number suffix भट्टक
Classification part 808.883
Holdings
Withdrawn status Lost status Source of classification or shelving scheme Damaged status Not for loan Collection code Home library Current library Date acquired Source of acquisition Cost, normal purchase price Total Checkouts Full call number Barcode Date last seen Copy number Cost, replacement price Koha item type
    Dewey Decimal Classification   Not For Loan Non-fiction D.B.Act.Division D.B.Act.Division 30/09/2008 DBAD / PUB 65.00   808.883 भट्टक HN-56574 30/09/2008 1 65.00 Hindi Books

© Delhi Public Library
Hit Counter
free hit counter